000 00785nam a2200253 a 4500
005 20191224041601.0
008 160118b xxu||||| |||| 00| 0 spa d
040 _aCO-BoIAVH
_cCO-BoIAVH
041 0 _aspa
082 0 4 _aLB-578.012
_bP21p
245 _aIntroducción a los fundamentos lógicos, filosóficos y metodológicos de las escuelas de taxonomía biológica
260 _aMéxico
_bUnam
_c1995
300 _a182 Paginas.
490 0 _aPrincipia Taxonomica ;
_v7
650 6 _aFilogenética
650 6 _aTaxonomía
650 6 _aSistemática
650 4 _aAnalogía
650 4 _aHomología
650 4 _aHomogenética
650 4 _aHomoplastia
700 1 _aLlorente Bousquets, Jorge E.
942 _cLIBRO
_2ddc
999 _c1387
_d1387